Least Guessed European Capitals on JetPunk - Statistics

General Stats
  • This quiz has been taken 249 times
  • The average score is 8 of 10
Answer Stats
% Capital % Correct
42% Skopje
87%
40% Vaduz
86%
46% Valletta
83%
43% Ljubljana
82%
32% Chisinau
78%
32% Podgorica
78%
38% Pristina
77%
46% Vilnius
77%
46% Andorra la Vella
75%
49% Bratislava
73%
No matching quizzes found
Score Distribution
Percent of People with Each Score
Percentile by Number Answered
Your Score History
You have not taken this quiz